[Event "Titled Tuesday intern op 17th Sep Late"]
[Site "Chess,com INT"]
[Date "2024.09.17"]
[Round "2"]
[White "Albuquerque, Wellington S Jr"]
[Black "Roberson, Peter T"]
[Result "1-0"]
[WhiteElo "2219"]
[BlackElo "2425"]
[PlyCount "137"]
[EventDate "2024.09.17"]
[EventType "swiss (blitz)"]
[EventRounds "11"]
[EventCountry "USA"]
[SourceTitle "EXT 2025"]
[Source "ChessBase"]
[SourceDate "2024.10.14"]
[SourceVersion "1"]
[SourceVersionDate "2024.10.14"]
[SourceQuality "1"]

1. c4 e5 2. Nc3 Nc6 3. g3 g6 4. Bg2 Bg7 5. e4 Nge7 6. Nge2 0-0 7. 0-0 d6 8. d3 f5 9. Nd5 Be6 10. Rb1 a5 11. Be3 Qd7 12. Qd2 fxe4 13. dxe4 Bh3 14. Bxh3 Qxh3 15. Nxc7 Rac8 16. Nb5 Rcd8 17. f3 h5 18. Rf2 h4 19. Rbf1 Qe6 20. b3 h3 21. Nc7 Qd7 22. Nd5 Nxd5 23. Qxd5+ Kh7 24. Bg5 Nb4 25. Qd2 Rc8 26. Rd1 Rc6 27. Nc3 Na6 28. Nd5 Nc5 29. Qxa5 Bh6 30. Bxh6 Kxh6 31. Qd2+ Kg7 32. Qg5 Ra6 33. Rdd2 Qf7 34. Qe3 Ra3 35. f4 exf4 36. Rxf4 Qe6 37. Rxf8 Kxf8 38. Rf2+ Kg7 39. Qf4 Ra8 40. Qf6+ Qxf6 41. Nxf6 Rf8 42. Ng4 Nxe4 43. Rxf8 Kxf8 44. Nf2 Nc3 45. Nxh3 Nxa2 46. Nf4 Kf7 47. Ne2 Kf6 48. Kf2 Ke5 49. Ke3 Nb4 50. h4 d5 51. g4 Nc2+ 52. Kd2 Na3 53. cxd5 Kxd5 54. h5 gxh5 55. gxh5 Ke6 56. Nf4+ Kf7 57. Kd3 Nb5 58. Kc4 Nd6+ 59. Kd5 Nf5 60. b4 Kf6 61. b5 Kg5 62. Ke5 Nh6 63. b6 Ng4+ 64. Ke4 Nf6+ 65. Ke5 Ng4+ 66. Kd6 Kxf4 67. Kc7 Kg5 68. Kxb7 Ne5 69. Kc7 1-0

[Event "Titled Tuesday intern op 20th Aug Early"]
[Site "Chess.com INT"]
[Date "2024.08.20"]
[Round "2"]
[White "Clawitter, Craig"]
[Black "Roberson, Peter T"]
[Result "0-1"]
[WhiteElo "2050"]
[BlackElo "2425"]
[PlyCount "84"]
[EventDate "2024.08.20"]
[EventType "swiss (blitz)"]
[EventRounds "11"]
[EventCountry "USA"]
[SourceTitle "EXT 2025"]
[Source "ChessBase"]
[SourceDate "2024.10.14"]
[SourceVersion "1"]
[SourceVersionDate "2024.10.14"]
[SourceQuality "1"]

1. e4 c5 2. Nf3 a6 3. c3 e6 4. d4 d5 5. exd5 exd5 6. Be2 Nf6 7. 0-0 Bd6 8. dxc5 Bxc5 9. Bg5 Be6 10. Nbd2 0-0 11. Nb3 Bb6 12. Nfd4 Nc6 13. Bf3 h6 14. Bh4 Re8 15. Re1 g5 16. Bg3 Qd7 17. Nxc6 bxc6 18. Be5 Ne4 19. Bxe4 dxe4 20. Rxe4 Qxd1+ 21. Rxd1 Bxb3 22. axb3 f6 23. Bd4 Rxe4 24. Bxb6 Rb8 25. Bd4 Rxb3 26. Bxf6 Rxb2 27. h3 Kf7 28. Bd4 Rbe2 29. Rd3 a5 30. Rf3+ Ke6 31. Rf6+ Kd5 32. Rxh6 a4 33. Rh5 a3 34. Rxg5+ Re5 35. Bxe5 Rxe5 36. c4+ Ke6 37. Rg6+ Kf7 38. Rd6 Re1+ 39. Kh2 a2 40. Rd7+ Kg6 41. Rd6+ Kf7 42. Rxc6 a1Q 0-1

[Event "Titled Tuesday intern op 20th Aug Early"]
[Site "Chess.com INT"]
[Date "2024.08.20"]
[Round "5"]
[White "Injac, Teodora"]
[Black "Roberson, Peter T"]
[Result "1-0"]
[WhiteElo "2411"]
[BlackElo "2425"]
[PlyCount "43"]
[EventDate "2024.08.20"]
[EventType "swiss (blitz)"]
[EventRounds "11"]
[EventCountry "USA"]
[SourceTitle "EXT 2025"]
[Source "ChessBase"]
[SourceDate "2024.10.14"]
[SourceVersion "1"]
[SourceVersionDate "2024.10.14"]
[SourceQuality "1"]

1. d4 Nf6 2. Nf3 c5 3. d5 g6 4. Nc3 Bg7 5. e4 0-0 6. e5 Ne8 7. h4 d6 8. e6 fxe6 9. h5 e5 10. hxg6 hxg6 11. Bd3 Bf5 12. Ng5 Nc7 13. g4 Bxd3 14. Qxd3 Rf6 15. Nce4 Nd7 16. Rh4 Nf8 17. Bd2 Qd7 18. 0-0-0 c4 19. Qh3 Nfe6 20. dxe6 Nxe6 21. Rh1 Nxg5 22. Rh8+ 1-0